The practical SQL handbook: using structured query language

Salvato in:
Dettagli Bibliografici
Autori principali: Bowman, Judith S (Autore), Emerson, Sandra L (Autore), Darnovsky, Marcy (Autore)
Natura: Libro
Lingua:inglese
Pubblicazione: Boston Addison-Wesley 1996
Edizione:3a. ed
Soggetti:
Tags: Aggiungi Tag
Nessun Tag, puoi essere il primo ad aggiungerne!!

MARC

LEADER 00000nam a2200000 a 4500
001 UCN0749
003 CL-VaPUC
008 010330e19960000US |||||||||||||||||eng|d
082 0 4 |a 005.756  |b BOW  |2 21 
100 0 |a Bowman, Judith S  |e author  |9 455957 
700 0 |a Emerson, Sandra L  |e author  |9 455958 
700 0 |a Darnovsky, Marcy  |e author  |9 455959 
245 1 4 |a The practical SQL handbook: using structured query language 
250 |a 3a. ed 
300 |a 454 p 
942 |c BK 
945 |d 20010330 00:00:00  |a vberengu 
260 |a Boston  |b Addison-Wesley  |c 1996 
500 |a Incluye cd 
650 7 |a BASES DE DATOS RELACIONALES  |2 CL-VaPUC  |9 262466 
650 7 |a SQL  |2 CL-VaPUC  |9 455960 
650 0 |a Bases de datos   |9 260577 
650 7 |a LENGUAJES DE COMPUTACION  |2 CL-VaPUC  |9 345215 
583 |a last modification  |c 20010330 00:00:00  |k Rodrigo Vera 
999 |c 294379  |d 294377 
952 |0 0  |1 0  |4 0  |6 005_756000000000000_BOW_1996  |7 0  |8 A  |9 346671  |a BIBING  |b BIBING  |d 2019-11-20  |i 3704696  |o 005.756 BOW 1996  |p 3704696  |r 2025-01-20  |w 2019-11-20  |y BK  |k EII